Представление документа в формате RUSMARC

ПолеНазваниеЗначение
  Тип записи a
  Библиографический уровень a
001 Контрольный номер RU/УОНБ/EK_KRAY/320916266
005 Дата корректировки 20250324122435.2
100 Данные общей обработки __
a Данные общей обработки 20081120d2008 u u0rusy0103 ba
101 Язык документа 0_
a Язык текста rus
200 Заглавие и сведения об ответственности 1_
a Заглавие Геннадия Бударина выбрали под расстрелом
e Сведения, относящиеся к заглавию в ульяновском реготделении ЛДПР новый руководитель
f Первые сведения об ответственности С. Титов
210 Выходные данные 1_
d Дата издания 2008
225 Серия 1_
a Серия Волга
330 Аннотация __
a Аннотация Г. Бударин - новый руководитель ульяновского отделения ЛДПР, ранее состоял в партии "Справедливая Россия".
461 Уровень набора _0
1 2001
a Коммерсантъ
463 Уровень физической единицы _0
1 2000
a 18 нояб.
v С. 15
1 210
d 2008
1 215
c фот.
610 Ключевые слова 0_
a Ключевые слова ЛДПР
686 Индексы других классификаций __
a Классификационный индекс 66.7
2 Код системы rubbk
700 Автор _1
a Фамилия Титов
b Имя (инициалы) С.
801 Источник записи _0
a Страна RU
b Организация Ульяновская ОНБ
c Дата составления 20081120
g Правила каталогизации PSBO
801 Источник записи _1
a Страна RU
b Организация Ульяновская ОНБ
c Дата составления 20081120
901 Тип документа __
t Тип документа b
909 Создатель записи __
a Создатель записи
938 Служебная информация __
a Имя БД kraeved_work
b Имя библиотеки УОНБ
c Имя АИБС МАРК-SQL
d Номер DOC_ID в БД 60172